[Event "South African op"]
[Site "Cape Town"]
[Date "2022.07.12"]
[Round "6"]
[White "Erlank, Warrick"]
[Black "Nevin, Tyler"]
[Result "1-0"]
[WhiteElo "1870"]
[BlackElo "1749"]
[PlyCount "163"]
[EventDate "2022.07.09"]
[EventType "swiss"]
[EventRounds "11"]
[EventCountry "RSA"]
[SourceTitle "CBM 209 Extra"]
[Source "ChessBase"]
[SourceDate "2022.09.30"]
[SourceVersion "1"]
[SourceVersionDate "2022.09.30"]
[SourceQuality "1"]

1. d4 e6 2. c4 f5 3. g3 Nf6 4. Bg2 c6 5. Nf3 d5 6. 0-0 Bd6 7. a4 0-0 8. c5 Bc7 9. b4 h6 10. b5 Nbd7 11. Bb2 Qe8 12. Nc3 Ne4 13. e3 Qh5 14. Nxe4 fxe4 15. Nd2 Qg5 16. Qe2 Nf6 17. f3 exf3 18. Nxf3 Qh5 19. Qd3 Bd7 20. Ne5 Bxe5 21. dxe5 Nh7 22. Rf4 Ng5 23. h4 Rxf4 24. exf4 Nh7 25. Bf3 Qf7 26. Rf1 Rf8 27. Bc3 Qf5 28. Qxf5 Rxf5 29. bxc6 Bxc6 30. Bg4 Nf8 31. Bxf5 exf5 32. g4 g6 33. h5 Kf7 34. Bd2 Bxa4 35. Ra1 Bc6 36. Rxa7 Ne6 37. g5 Kg7 38. gxh6+ Kxh6 39. hxg6 Kxg6 40. Ra8 Kh7 41. Ra5 Kg6 42. Kh2 Nd4 43. Kg3 Nb3 44. Ra2 Nxc5 45. Be3 Ne6 46. Bb6 Kf7 47. Rh2 Kg7 48. Rh4 Kg6 49. Kf3 Kg7 50. Ke3 Kg6 51. Ba7 Kg7 52. Bb8 d4+ 53. Kd2 Be4 54. Ba7 d3 55. Bb6 Kg6 56. Ke3 Kg7 57. Rh2 Kg6 58. Ba5 Kg7 59. Rb2 Kf7 60. Rb6 Bc6 61. Bd2 Nc5 62. Kd4 Nd7 63. Rb1 Be4 64. Rc1 Ke7 65. Bb4+ Ke6 66. Rc7 b6 67. Ke3 Nb8 68. Rh7 Nc6 69. Rh6+ Kd5 70. e6 b5 71. e7 Nxe7 72. Bxe7 Kc4 73. Kd2 b4 74. Rb6 b3 75. Rb4+ Kd5 76. Rxb3 Ke6 77. Bc5 Kf7 78. Rb6 Kg7 79. Bb4 Kf7 80. Ke3 Kg7 81. Bc3+ Kf7 82. Rb4 1-0

[Event "South African op"]
[Site "Cape Town"]
[Date "2022.07.09"]
[Round "1"]
[White "Nevin, Tyler"]
[Black "Louw, Llewellyn T"]
[Result "1/2-1/2"]
[WhiteElo "1749"]
[BlackElo "1593"]
[PlyCount "103"]
[EventDate "2022.07.09"]
[EventType "swiss"]
[EventRounds "11"]
[EventCountry "RSA"]
[SourceTitle "CBM 209 Extra"]
[Source "ChessBase"]
[SourceDate "2022.09.30"]
[SourceVersion "1"]
[SourceVersionDate "2022.09.30"]
[SourceQuality "1"]

1. Nf3 Nc6 2. d4 d5 3. g3 Nf6 4. Bg2 Bg4 5. Ne5 Bd7 6. 0-0 h5 7. h4 g6 8. c4 Nxe5 9. dxe5 Ng4 10. Qxd5 c6 11. Qd3 Nxe5 12. Qc3 f6 13. Bf4 Ng4 14. f3 Nh6 15. Rd1 Qc8 16. Qd3 Bf5 17. e4 Be6 18. Nc3 Bg7 19. Ne2 Nf7 20. Nd4 Bh3 21. Nb3 b6 22. c5 e5 23. Be3 b5 24. Bxh3 Qxh3 25. Bf2 g5 26. Qf1 Qe6 27. Na5 gxh4 28. gxh4 0-0 29. Nb7 Rab8 30. Nd6 Rfd8 31. Nf5 Nh6 32. Rd6 Rxd6 33. Nxd6 Kh7 34. Be3 Bf8 35. Rd1 Rd8 36. Bxh6 Bxh6 37. Nf5 Rg8+ 38. Kh1 Bf4 39. Rd6 Qxa2 40. Rd7+ Kh8 41. Nd6 Qxb2 42. Nf7+ Kg7 43. Qg1+ Kf8 44. Rd8+ Ke7 45. Rxg8 Qe2 46. Re8+ Kxe8 47. Qg8+ Ke7 48. Qd8+ Kxf7 49. Qd7+ Kg6 50. Qf5+ Kg7 51. Qd7+ Kf8 52. Qd8+ 1/2-1/2

[Event "RSA-ch U12"]
[Site "Gauteng"]
[Date "2017.04.06"]
[Round "3"]
[White "Nevin, Tyler"]
[Black "Dykema, Joshua Damain"]
[Result "1-0"]
[WhiteElo "1117"]
[BlackElo "1334"]
[PlyCount "107"]
[EventDate "2017.04.05"]
[EventType "swiss"]
[EventRounds "11"]
[EventCountry "RSA"]
[SourceTitle "CBM 177 Extra"]
[Source "ChessBase"]
[SourceDate "2017.04.27"]
[SourceVersion "1"]
[SourceVersionDate "2017.04.27"]
[SourceQuality "1"]

1. d4 Nf6 2. c4 g6 3. Nf3 Bg7 4. e3 0-0 5. Bd3 d6 6. 0-0 c5 7. Nc3 Nbd7 8. b3 Re8 9. d5 Nb6 10. Bb2 e5 11. e4 Bd7 12. Re1 Qc7 13. Qc2 Rab8 14. a4 Bg4 15. Be2 a6 16. Bc1 Kf8 17. Bg5 h6 18. Bxf6 Bxf6 19. Qd2 Bxf3 20. Bxf3 Bg5 21. Qe2 Ke7 22. g3 Rg8 23. h4 Bf6 24. Kg2 Bh8 25. Qd2 Bg7 26. Bg4 Rgf8 27. Qd3 Nd7 28. Rab1 Nf6 29. Bh3 g5 30. hxg5 hxg5 31. Bf5 Rh8 32. Rh1 a5 33. Qe3 Bh6 34. Rh2 Ng8 35. Rbh1 Kf6 36. Qf3 Kg7 37. Qg4 Ne7 38. Nb5 Qd8 39. Rh5 Nxf5 40. Qxf5 b6 41. Qh3 Qf6 42. Nc3 Qg6 43. Qf5 Qxf5 44. exf5 f6 45. Nd1 Rh7 46. Ne3 Re8 47. Ng4 Reh8 48. Kf3 Re8 49. Ke4 Reh8 50. f3 Kf7 51. Rxh6 Rxh6 52. Rxh6 Rxh6 53. Nxh6+ Kg7 54. Ng4 1-0

[Event "RSA-chT U10"]
[Site "Cape Town"]
[Date "2016.01.05"]
[Round "4.1"]
[White "Collier, Zachary"]
[Black "Nevin, Tyler"]
[Result "0-1"]
[WhiteElo "897"]
[BlackElo "1051"]
[PlyCount "20"]
[EventDate "2016.01.04"]
[EventType "team-tourn"]
[EventRounds "7"]
[EventCountry "RSA"]
[SourceTitle "CBM 170 Extra"]
[Source "ChessBase"]
[SourceDate "2016.02.25"]
[SourceVersion "1"]
[SourceVersionDate "2016.02.25"]
[SourceQuality "1"]
[WhiteTeam "Ekurhuleni"]
[BlackTeam "Nelson Mandela Bay"]
[WhiteTeamCountry "RSA"]
[BlackTeamCountry "RSA"]

1. d4 d5 2. c4 dxc4 3. e3 Nf6 4. Bxc4 e6 5. Nf3 Bb4+ 6. Bd2 Be7 7. 0-0 0-0 8. Nc3 Nc6 9. Ne5 Nxe5 10. dxe5 Nd7 0-1